000
00336nam a22001217a 4500
003
SGT
082
_a
891.4309
_b
V97P
100
_a
प्रसाद हरिशंकर
245
_a
विकास की चुनौती
260
_b
शोध माध्यम प्रकाशन
_c
1997
300
_a
87
942
_2
ddc
_c
BK
999
_c
29922
_d
29922